000 00477nam a2200193Ia 4500
005 20240703114125.0
008 131103s9999 xx 000 0 und d
020 _a0 340 08388 3
040 _aLoreto College
041 _aEnglish
082 _a796
_bLEN
100 _aLenel, R. M.
245 _aGames in the primary school
_cR. M. Lenel
260 _aLondon
_bUniversity of London
_c1969
300 _a160p.
_b ill.
650 _aSports
850 _aLCBED
942 _cBK
999 _c29948
_d80427